[Event "Berlin Lichtenberger op 7th"]
[Site "Berlin"]
[Date "2008.08.20"]
[Round "5"]
[White "Pozzo, Dominic"]
[Black "Udet, Fabian"]
[Result "1-0"]
[WhiteElo "1248"]
[BlackElo "1560"]
[PlyCount "61"]
[EventDate "2008.08.16"]
[EventType "swiss"]
[EventRounds "9"]
[EventCountry "GER"]
[SourceTitle "CBM 126 Extra"]
[Source "ChessBase"]
[SourceDate "2008.11.05"]
[SourceVersion "1"]
[SourceVersionDate "2008.11.05"]
[SourceQuality "1"]

1. e4 c5 2. Nc3 e6 3. g3 d5 4. Bg2 Ne7 5. d3 g6 6. Bg5 Bg7 7. exd5 Bxc3+ 8. bxc3 exd5 9. Bf6 Rg8 10. Ne2 Be6 11. 0-0 Nd7 12. Bg5 f6 13. Bf4 Kf7 14. Rb1 b6 15. c4 Ne5 16. Bh6 Nf5 17. Bf4 Rc8 18. Bxe5 fxe5 19. f4 Ne3 20. Qd2 Nxf1 21. Rxf1 Kg7 22. fxe5 dxc4 23. Nf4 Re8 24. Nxe6+ Rxe6 25. Bh3 Qd4+ 26. Kh1 Qxe5 27. Bxe6 Qxe6 28. Qc3+ Kh6 29. Rf4 Qd5+ 30. Kg1 Rd8 31. Qf6 1-0